| 000 | 01188nam a2200349Ia 4500 | ||
|---|---|---|---|
| 001 | dia_3229 | ||
| 003 | CHAP | ||
| 005 | 20230309223410.0 | ||
| 008 | 220117s1987 xx 000 0 und d | ||
| 010 | _a173728 | ||
| 020 | _a968-7270-20-9 | ||
| 040 | _cCHAP | ||
| 082 | _a519.52 S34 1987 | ||
| 100 |
_aScheaffer, Richard L. _9102924 |
||
| 245 |
_aElementos de muestreo / _c Richard L. Scheaffer, William Mendenhall y Lyman Ott ; traducción Gilberto Rendón Sánchez y José Roberto Gómez Aguilar |
||
| 260 |
_aMéxico : _b Iberoamérica, _c1987 |
||
| 300 | _axiv, 321 p. | ||
| 500 | _aTítulo original: Elementary survey sampling | ||
| 503 | _aC/e | ||
| 504 | _aBibliografía: p. 303-304 | ||
| 590 | _aHA31.2 S34 1987 | ||
| 650 |
_aMuestreo _xEstadística _9150240 |
||
| 650 |
_aSampling _xStatistics _9154364 |
||
| 700 |
_aGómez Aguilar, José Roberto, tr. _9154365 |
||
| 700 |
_aMendenhall, William, coaut. _9154366 |
||
| 700 |
_aOtt, Lyman, coaut. _9154367 |
||
| 700 |
_aRendón Sánchez, Gilberto, tr. _9154368 |
||
| 901 | _a519.52 S34 1987 | ||
| 902 | _aM | ||
| 905 | _a5232271987 mx NM 8222123322spa16 | ||
| 942 |
_cLIBRO _2ddc |
||
| 999 |
_c173728 _d173728 |
||